Daimler sustainability report 2014
Gespeichert in:
| Format: | Buch |
|---|---|
| Sprache: | Englisch |
| Veröffentlicht: |
Stuttgart
Daimler AG
2015
|
| Schlagworte: | |
| Tags: |
Keine Tags, Fügen Sie das erste Tag hinzu!
|
MARC
| LEADER | 00000nam$a2200000$$$4500 | ||
|---|---|---|---|
| 001 | 0200488 | ||
| 005 | 20240108123836.2 | ||
| 022 | |a 2194-5136 | ||
| 041 | 0 | |a eng | |
| 044 | |a DE | ||
| 245 | 1 | 0 | |a Daimler sustainability report 2014 |
| 264 | 1 | |a Stuttgart |b Daimler AG |c 2015 | |
| 300 | |a 83 s. | ||
| 610 | 2 | 0 | |a priemysel automobilový |
| 610 | 2 | 0 | |a automobily |
| 610 | 2 | 0 | |a hospodárstvo podnikové |
| 610 | 2 | 0 | |a výsledok hospodársky |
| 610 | 2 | 0 | |a ochrana prostredia životného |
| 610 | 2 | 0 | |a politika podniková |
| 610 | 2 | 0 | |a politika sociálna podniková |
| 610 | 2 | 0 | |a zodpovednosť organizácie |
| 610 | 2 | 0 | |a stratégia podniková |